INDIAN JOURNAL OF ANATOMY (Record no. 11621)
[ view plain ]
| 000 -LEADER | |
|---|---|
| fixed length control field | 00230nam a22001097a 4500 |
| 003 - CONTROL NUMBER IDENTIFIER | |
| control field | SGT |
| 022 ## - INTERNATIONAL STANDARD SERIAL NUMBER | |
| International Standard Serial Number | 2320-0022 |
| 245 ## - TITLE STATEMENT | |
| Title | INDIAN JOURNAL OF ANATOMY |
| 260 ## - PUBLICATION, DISTRIBUTION, ETC. (IMPRINT) | |
| Place of publication, distribution, etc | INDIA |
| Name of publisher, distributor, etc | RED FLOWER |
| Year of Publication | 2017 |
| 310 ## - CURRENT PUBLICATION FREQUENCY | |
| Current publication frequency | QUARTERLY |
| 942 ## - ADDED ENTRY ELEMENTS (KOHA) | |
| Source of classification or shelving scheme | Dewey Decimal Classification |
| Koha item type | Loose Journals |
| Withdrawn status | Lost status | Source of classification or shelving scheme | Damaged status | Not for loan | Home library | Current library | Shelving location | Date acquired | Vendor Name | Volume Information (Serial or Books or Non-Book Material) | SGTU | Total Checkouts | Date last seen | Bill Date | Koha item type |
|---|---|---|---|---|---|---|---|---|---|---|---|---|---|---|---|
| Dewey Decimal Classification | SGT Medical Library | SGT Medical Library | Reference Book | 29/05/2017 | INNOVETIVE SUB. | VOL.-6 ISSUE-1( JAN-MAR-2017) | SGTU | 29/05/2017 | 29/05/2017 | Loose Journals |